| 000 | 00762nam a2200217 a 4500 | ||
|---|---|---|---|
| 001 | 000005880 | ||
| 005 | 20200929151825.0 | ||
| 008 | 090824s2005 dr 000 0 spa d | ||
| 040 |
_aDO-SdBNP _bspa _cBNPHU |
||
| 082 |
_a347.016 _bA162l |
||
| 100 | 1 |
_aAbreu de Polanco, Rhadys I. _916577 |
|
| 245 | 1 | 0 |
_aLecciones de derecho notarial / _cRhadys I Abreu de Polanco ; prólogo Cecilio Gómez Pérez. |
| 260 |
_aSanto Domingo, : _b[s.n.], _c2005. |
||
| 300 |
_a172 p. ; _c21 cm. |
||
| 504 | _aIncluye bibliografías (p. 171-172) | ||
| 650 | 4 |
_aDerecho notarial _zRepública Dominicana _xHistoria _916578 |
|
| 650 | 4 |
_aNotariado y registro _916579 |
|
| 650 | 4 |
_aNotario _916580 |
|
| 650 | 4 |
_aDerecho notarial _916581 |
|
| 700 | 1 |
_aGómez Pérez, Cecilio, _epról. _912256 |
|
| 999 |
_c5676 _d5676 |
||